Sanat - "Kaksi kynttilää" - Suvi Teräsniska - Statistics

Yleistilastot
  • Tätä visaa on pelattu 8 kertaa
  • Keskiarvotulos 53 / 126
Vastaustilastot
Vastaus % Oikein
jo
100%
Aaton
50%
arkaillen
50%
hämyiseen
50%
Hän
50%
hän
50%
haudalle
50%
heillä
50%
hiutaleet
50%
iltaan
50%
ja
50%
jälleen
50%
joukossa
50%
kahteen
50%
kirkkomaa
50%
koskettaa
50%
kuin
50%
kulkee
50%
kulkijaa
50%
kynttilään
50%
laittaa
50%
leijuu
50%
liikkeellä
50%
luona
50%
menneet
50%
monta
50%
olla
50%
on
50%
paikallaan
50%
pois
50%
Pois
50%
polvistuu
50%
puiseen
50%
rakkaansa
50%
ristiin
50%
saa
50%
silloin
50%
suuntana
50%
tää
50%
toiset
50%
toisten
50%
tulen
50%
tuo
50%
tuokion
50%
vanhus
50%
vielä
50%
yhä
50%
hälle
0%
herkin
0%
hetkistä
0%
kasvojen
0%
kyyneleet
0%
lientyneet
0%
muistojen
0%
nousseet
0%
sen
0%
silmiin
0%
suo
0%
uurteet
0%
vaikka
0%
vaipuu
0%
valtaan
0%
Ehtoja vastaavia visoja ei löytynyt
Tulosjakauma
Jokaisen tuloksen saaneiden osuus
Persentiili vastausten määrän mukaan
Tuloshistoriasi
Et ole pelannut tätä visaa